000 00327nam a2200133Ia 4500
008 210312s9999||||xx |||||||||||||| ||und||
041 _aosm
050 _aPL248
050 _bT83.A85
100 _aTüccarzade İbrahim Hakkı
245 0 _aAşk mı? Zafer mi?
260 _c1912
650 _aEdebiyat--Türk edebiyatı--Tiyatro
999 _c22072
_d22072